LIBRARY & INFORMATION CENTRE, KCAET, TAVANUR

ONLINE PUBLIC ACCESS CATALOGUE (OPAC)

Peoples participation in watershed management / (Record no. 13193)

MARC details
000 -LEADER
fixed length control field 00453cam a2200169ua 4500
041 ## - LANGUAGE CODE
Language code of text/sound track or separate title eng
082 ## - DEWEY DECIMAL CLASSIFICATION NUMBER
Classification number 551.492
Item number NAT/PE
100 ## - MAIN ENTRY--AUTHOR NAME
Personal name Roy, Upendra Nath .
245 ## - TITLE STATEMENT
Title Peoples participation in watershed management /
260 ## - PUBLICATION, DISTRIBUTION, ETC. (IMPRINT)
Place of publication New delhi :
Name of publisher Kanishka Publishers ,
Year of publication 2005.
300 ## - PHYSICAL DESCRIPTION
Number of Pages 550 ; .
942 ## - ADDED ENTRY ELEMENTS (KOHA)
Koha item type Books
Holdings
Withdrawn status Lost status Damaged status Home library Current library Date acquired Full call number Accession Number Koha item type
      KAUAET KAUAET 07/04/2012 551.492 NAT/PE 21573 Books
free website counter